Nueve hombres del siglo XX / (Record no. 144679)

MARC details
000 -LEADER
campo de control de longitud fija 00917nam a2200229 i 4500
001 - NÚMERO DE CONTROL
campo de control 144679
003 - IDENTIFICADOR DE NÚMERO DE CONTROL
campo de control ES-MaACL
005 - FECHA Y HORA DE LA ÚLTIMA TRANSACCIÓN
campo de control 20250804062604.0
007 - CAMPO FIJO DE DESCRIPCIÓN FÍSICA--INFORMACIÓN GENERAL
campo de control de longitud fija t|
008 - DATOS DE LONGITUD FIJA--INFORMACIÓN GENERAL
campo de control de longitud fija 070214s1969 sp r ||||1| spa d
100 1# - ENTRADA PRINCIPAL--NOMBRE DE PERSONA
Nombre de persona Snow, C. P.
9 (RLIN) 106968
245 10 - MENCIÓN DEL TÍTULO
Título Nueve hombres del siglo XX /
Mención de responsabilidad, etc. C. P. Snow ; traducción: Mercedes García Arenal y Magdalena Ferdinandy].
260 ## - PUBLICACIÓN, DISTRIBUCIÓN, ETC.
Lugar de publicación, distribución, etc. Madrid :
Nombre del editor, distribuidor, etc. Alianza,
Fecha de publicación, distribución, etc. 1969 (
Fabricante Castilla)
300 ## - DESCRIPCIÓN FÍSICA
Extensión 248 p. ;
Dimensiones 18 cm.
490 1# - MENCIÓN DE SERIE
Mención de serie El libro de bolsillo. Sección Humanidades ;
Designación de volumen o secuencia 195
500 ## - NOTA GENERAL
Nota general Contiene: Rutherford ; G. H. Hardy ; H. G. Wells ; Einstein ; Lloyd George ; Winston Churchill ; Robert Frost ; Dag Hammarskjöld ; Stalin.
700 1# - ENTRADA AGREGADA--NOMBRE PERSONAL
Nombre de persona García-Arenal, Mercedes.
9 (RLIN) 54180
700 1# - ENTRADA AGREGADA--NOMBRE PERSONAL
Nombre de persona Ferdinandy, María Magdalena.
9 (RLIN) 49277
830 03 - PUNTO DE ACCESO ADICIONAL DE SERIE-TÍTULO UNIFORME
Título uniforme El libro de bolsillo.
Nombre de parte o sección de la obra Humanidades
Designación de volumen o secuencia 195
9 (RLIN) 178672
852 ## - LOCALIZACIÓN
Ubicación ES-MaACL
Número de control de estantería C-51239
Sublocalización o colección R.70493
Holdings
Estatus retirado Estado de pérdida Estado de daño No para préstamo Biblioteca de origen Biblioteca actual Ubicación en estantería Fecha de adquisición Fuente de adquisición Total de préstamos Signatura topográfica completa Código de barras Visto por última vez Precio de reemplazo Tipo de ítem Koha
        Biblioteca del Ateneo de Madrid Biblioteca del Ateneo de Madrid Depósito 2 17/01/2008     C-51239 1150849 23/02/2023 23/02/2023 Libro impreso